Фильтрация устойчивых положений человекоподобного робота; Ресурсоэффективным технологиям - энергию и энтузиазм молодых

Détails bibliographiques
Parent link:Ресурсоэффективным технологиям - энергию и энтузиазм молодых.— 2014.— [С. 124-126]
Auteur principal: Шеломенцев Е. Е. Егор Евгеньевич
Collectivité auteur: Национальный исследовательский Томский политехнический университет (ТПУ) Институт кибернетики (ИК) Кафедра интегрированных компьютерных систем управления (ИКСУ)
Autres auteurs: Александрова Т. В. Татьяна Викторовна (научный руководитель)
Résumé:Заглавие с титульного экрана
Langue:russe
Publié: 2014
Collection:Интеллектуальные информационно-телекоммуникационные системы мониторинга и управления
Sujets:
Accès en ligne:http://earchive.tpu.ru/handle/11683/66032
http://www.lib.tpu.ru/fulltext/c/2014/C08/046.pdf
Format: Électronique Chapitre de livre
KOHA link:https://koha.lib.tpu.ru/cgi-bin/koha/opac-detail.pl?biblionumber=606506

MARC

LEADER 00000naa2a2200000 4500
001 606506
005 20231101132415.0
035 |a (RuTPU)RU\TPU\conf\3885 
035 |a RU\TPU\conf\3883 
090 |a 606506 
100 |a 20140602d2014 k y0rusy50 ca 
101 0 |a rus 
102 |a RU 
105 |a y z 101zy 
135 |a drgn ---uucaa 
181 0 |a i  
182 0 |a b 
200 1 |a Фильтрация устойчивых положений человекоподобного робота  |f Е. Е. Шеломенцев  |g науч. рук. Т. В. Александрова 
203 |a Текст  |c электронный 
225 1 |a Интеллектуальные информационно-телекоммуникационные системы мониторинга и управления 
230 |a 1 компьютерный файл (pdf; 169 Кб) 
300 |a Заглавие с титульного экрана 
320 |a [Библиогр.: с. 126 (7 назв.)] 
337 |a Adobe Reader 
463 0 |0 (RuTPU)RU\TPU\conf\3591  |t Ресурсоэффективным технологиям - энергию и энтузиазм молодых   |o Сборник научных трудов V Всероссийской конференции студентов элитного технического образования, г. Томск, 25 -27 марта 2014 г.  |f Национальный исследовательский Томский политехнический университет (ТПУ)   |v [С. 124-126]  |d 2014 
610 1 |a труды учёных ТПУ 
610 1 |a электронный ресурс 
610 1 |a фильтрация 
610 1 |a устойчивое положение 
610 1 |a роботы 
610 1 |a андроиды 
700 1 |a Шеломенцев  |b Е. Е.  |c специалист в области информатики и вычислительной техники  |c лаборант Томского политехнического университета  |f 1993-  |g Егор Евгеньевич  |2 stltpush  |3 (RuTPU)RU\TPU\pers\31572 
702 1 |a Александрова  |b Т. В.  |c специалист в области автоматического управления  |c ассистент Томского политехнического университета  |f 1976-  |g Татьяна Викторовна  |2 stltpush  |4 727 
712 0 2 |a Национальный исследовательский Томский политехнический университет (ТПУ)  |b Институт кибернетики (ИК)  |b Кафедра интегрированных компьютерных систем управления (ИКСУ)  |h 131  |2 stltpush  |3 (RuTPU)RU\TPU\col\18701 
801 2 |a RU  |b 63413507  |c 20210709  |g RCR 
856 4 |u http://earchive.tpu.ru/handle/11683/66032 
856 4 |u http://www.lib.tpu.ru/fulltext/c/2014/C08/046.pdf 
942 |c BK